| 000 | 00448nam a2200145 a 4500 | ||
|---|---|---|---|
| 001 | 000031276 | ||
| 005 | 20200930062822.0 | ||
| 008 | 110617s19uu dr a 000 0 spa d | ||
| 040 |
_aDO-SdBNP _bspa _cBNPHU |
||
| 082 |
_axxxx _bE79c |
||
| 245 | 0 | 0 | _aEstatutos de la Cooperativa de Producción y Consumo. |
| 260 |
_a[Santo Domingo : _bEscuela Salesiana de Artes Gráficas "María Auxiliadora", _c19--?]. |
||
| 300 |
_a32 p. ; _c20 cm. |
||
| 049 | _aBNPD | ||
| 999 |
_c30768 _d30768 |
||